Normal view
MARC view
Entry Topical Term
001 - CONTROL NUMBER
- control field: 99404
003 - CONTROL NUMBER IDENTIFIER
- control field: OSt
005 - DATE AND TIME OF LATEST TRANSACTION
- control field: 20230506123551.0
008 - FIXED-LENGTH DATA ELEMENTS
- fixed length control field: 230506|| aca||aabn | a|a d
040 ## - CATALOGING SOURCE
- Original cataloging agency: OSt
- Transcribing agency: OSt
150 ## - HEADING--TOPICAL TERM
- Topical term or geographic name entry element: Physics
670 ## - SOURCE DATA FOUND
- Source citation: Work cat.: (OSt)162299: JEWETT (John W);SERWAY (Raymond A) 99403, Physics: for scientists and engineers with modern physics, 2012